Introducción a las ecuaciones diferenciales ordinarias / (Registro nro. 7576)

Detalles MARC
000 -CABECERA
Campo de control interno 01830nam a2200241Ia 4500
008 - ELEMENTOS DE LONGITUD FIJA - INFORMACIÓN GENERAL
Campo de control de longitud fija 260220t1973||||xx |||||||||||||| ||spa||
040 ## - FUENTE DE CATALOGACIÓN
Agencia de catalogación original PY-SlUNAC
Idioma de catalogación spa
Convenciones de descripción rda
041 ## - CÓDIGO DE IDIOMA
Código de idioma para texto/pista de sonido o título separado spa
082 ## - NÚMERO DE CLASIFICACIÓN DECIMAL DEWEY
Clasificación Decimal Dewey (CDD) 515.35
Clasificación Expansiva de Cutter (EC) C648i
100 ## - ASIENTO PRINCIPAL - NOMBRE PERSONAL
Nombre personal Coddington, Earl A.
Rol del autor Autor
245 #0 - TÍTULO
Título Introducción a las ecuaciones diferenciales ordinarias /
Mención de responsabilidad por Earl A. Coddington [Autor]
264 ## - PIE DE IMPRENTA
Lugar Ciudad de México :
Editorial Continental,
Año ℗1973.
300 ## - DESCRIPCIÓN FÍSICA
Páginas 1 volumen
520 ## - NOTA DE RESUMEN
Nota de resumen En "Introducción a las ecuaciones diferenciales ordinarias", Earl A. Coddington ofrece una exposición clara y accesible de los conceptos fundamentales relacionados con las ecuaciones diferenciales ordinarias (EDOs). El texto se estructura de manera didáctica, comenzando con definiciones básicas y avanzando hacia métodos y teoremas más complejos. Coddington aborda tanto soluciones analíticas como numéricas, proporcionando una variedad de ejemplos y ejercicios que facilitan la comprensión de los temas tratados. Entre los temas destacados se encuentran la existencia y unicidad de soluciones, la teoría de sistemas lineales, y la transformación de Laplace, así como las aplicaciones de estas herramientas en problemas de la física y la ingeniería. El autor también discute métodos avanzados de resolución y la importancia de las EDOs en contextos multidisciplinarios. A través de su enfoque metódico y riguroso, el libro se convierte en una referencia esencial para estudiantes y profesionales que buscan profundizar en el estudio de las ecuaciones diferenciales ordinarias.
653 ## - MATERIA - TÉRMINO TEMÁTICO NO CONTROLADO (PALABRAS CLAVE)
Materia - término temático no controlado (palabras clave) Análisis matemático
653 ## - MATERIA - TÉRMINO TEMÁTICO NO CONTROLADO (PALABRAS CLAVE)
Materia - término temático no controlado (palabras clave) Ecuaciones diferenciales
653 ## - MATERIA - TÉRMINO TEMÁTICO NO CONTROLADO (PALABRAS CLAVE)
Materia - término temático no controlado (palabras clave) Matemáticas
942 ## - ELEMENTOS PERSONALIZADOS (KOHA)
Fecha catalogación 2026/02/17
Tipo de documento Libros
Existencias
Fuente de Clasificacion Colección Ubicacion permanente Biblioteca actual Fecha de Ingreso a la Biblioteca Origen de adquisición Código de ubicación Código de barras Tipo de Item KOHA Nota pública
Dewey Decimal Classification Colección General (CG) Biblioteca e Internet, Facultad de Ciencias Exactas y Naturales Biblioteca e Internet, Facultad de Ciencias Exactas y Naturales 02/20/2026 Donación 515.35 C648i CG936 Libros Material disponible en la Biblioteca e Intenet, Campus UNA, San Lorenzo.